Paraguay-Quiz - Statistiken

Allgemein
  • Dieses Quiz wurde 1.326 mal gespielt
  • Das Durchschnittsergebnis liegt bei 10 aus 20
Antwortstatistiken
Frage Antwort % Korrekt
Nachbarland Brasilien
99%
Nachbarland Argentinien
98%
Amtssprache Spanisch
98%
Nachbarland Bolivien
97%
Wie Nachbarland #3 hat Paraguay keinen Zugang zum... Meer
94%
Hauptstadt von Paraguay Asunción
85%
Anteil von Paraguays Strom, der aus Wasserkraftwerken kommt (auf ganze Zahlen gerundet) 100
55%
Paraguay hat 2.01 dieser Tiere pro Kopf, eines der weltweit größten Verhältnisse Kühe
49%
Beliebter südamerikanischer Tee, auch als "Tereré" in Paraguay bekannt Yerba Mate
37%
Bohne, die 39% der Gesamtexporte von Paraguay ausmacht Soja
32%
Paraguay produziert eine bedeutende Menge an diesem kalorienarmen Süßstoff (Anfangsbuchstabe S) Stevia
32%
Weltgrößtes Nagetier, das Paraguay bewohnt Capybara
28%
95% der Bevölkerung gehören dieser Ethnie an, eine Mischung von Europäern und indigenen Völkern Mestize
28%
Die Flagge von Paraguay ist einzigartig in dem, dass sie zwei unterschiedliche _____ aufweist Seiten
27%
Amtssprache Guaraní
24%
Fluss, in welchen den Rio Paraguay mündet Paraná
23%
Zweitgrößte Stadt, in der Nähe der Iguazufälle Ciudad del {Este}
16%
Krieg, während dem Paraguay ein Drittel seiner Fläche, sowie ein Großteil seiner Bevölkerung verlor {Tripel}-Allianz-Krieg
16%
Ehemaliger Fußballtorhüter, der Freistoß- und Elfmeterspezialist war José Luis Chilavert
15%
Westparaguay ist Teil dieser semiariden Tieflandregion Gran {Chaco}
14%
Keine übereinstimmenden Quizze gefunden
Verteilung der Resultate
Anzahl Personen mit jedem Resultat
Perzentil nach korrekt beantworteten Fragen
Ihre Resultats-Entwicklung
Sie haben dieses Quiz noch nicht gespielt